000 00623nam a2200229Ia 4500
003 OSt
005 20220926033854.0
006 a|||||r|||| 00| 0
007 ta
008 220923b |||||||| |||| 00| 0 eng d
037 _cGeneral Book
040 _aRTL
_cRTL
_beng
041 _2eng
_aeng
082 _aQ22, K5
100 _aBhandarkar R G
245 0 _aVaishnavism Savism and minor religious systems
260 _aVaranasi
_bIndological Book house India
_c1965
300 _a167p
_ccm.
650 _aHinduism
_98459
942 _hQ22, K5
_cGB
_2CC
999 _c658159
_d658159